000 00432nam a2200145Ia 4500
008 100204s9999 xx 000 0 und d
082 _b17676
100 _aबांदोडकर गो. पू./व. पु.
245 _aभूल
260 _b"बांदोडकर पब्लिशिंग हाऊस, गोवा"
_c1994
300 _a205
630 _aभूल
730 _aभूल
942 _cBOOK
999 _c462099
_d462096